Normal view
MARC view
Entry Corporate Name
001 - CONTROL NUMBER
- control field: 248228
003 - CONTROL NUMBER IDENTIFIER
- control field: OSt
005 - DATE AND TIME OF LATEST TRANSACTION
- control field: 20251208113543.0
008 - FIXED-LENGTH DATA ELEMENTS
- fixed length control field: 251208|| aca||aabn | a|a d
040 ## - CATALOGING SOURCE
- Original cataloging agency: OSt
- Transcribing agency: OSt
110 ## - HEADING--CORPORATE NAME
- Corporate name or jurisdiction name as entry element: ಇಚ್ಲಂಗೋಡು ಬಿ ಎಂ
670 ## - SOURCE DATA FOUND
- Source citation: Work cat.: (OSt)107005: Ichlamgodu B M 241223, Gidamulikegalu jivaposhaka maragidagalu mattu aushadhiya falagalu, 2003